La Constitución: nuestro compromiso con el futuro

Uloženo v:
Podrobná bibliografie
Korporativní autor: Nicaragua. Asamblea Nacional. Comisión Especial Constitucional
Médium: Text
Vydáno: Managua :
Témata:
Tagy: Přidat tag
Žádné tagy, Buďte první, kdo vytvoří štítek k tomuto záznamu!

MARC

LEADER 00000 a a2200000 04500
001 18089
003
040
090 |a 024400  
110 |a Nicaragua. Asamblea Nacional. Comisión Especial Constitucional  
245 |a La Constitución: nuestro compromiso con el futuro  
260 |a Managua :  
300 |a 16 p.  
650 |a CONSTITUCIONES  
650 |a MARCO INSTITUCIONAL  
650 |a REVOLUCION  
999 |c 7858  |d 7858